Loading...

Molecular machinery: The principles and powers of chemistry

Bibliographic Details
Main Author: Scott, Andrew
Format: Printed Book
Language:English
Published: USA Basil blackwell 1989
Subjects:
LEADER 00554nam a22001697a 4500
005 20160323130405.0
008 100225t xxu||||| |||| 00| 0 eng d
082 |a 541.1  |b SCO 
100 |a Scott, Andrew  |9 6102 
245 |a Molecular machinery:  |b The principles and powers of chemistry 
300 |a viii,192p. 
653 |a Molecular machinery 
942 |c BK  |6 _ 
260 |a USA  |b Basil blackwell  |c 1989 
020 |a 0631164413 
999 |c 156947  |d 156947 
952 |0 0  |1 0  |2 ddc  |4 0  |6 5411_SCO  |7 0  |9 205384  |a DAC  |b DAC  |d 2010-11-12  |o 541.1 SCO  |p CHE2690  |r 2010-11-12  |w 2010-11-12  |y BK